Scientific approach to vastu shastra : (Record no. 104428)

MARC details
000 -LEADER
fixed length control field 00665nam a22002057a 4500
005 - DATE AND TIME OF LATEST TRANSACTION
control field 20161110122745.0
010 ## - LCCN (DPL NO)
LC control number ENG-116407
020 ## - INTERNATIONAL STANDARD BOOK NUMBER
International Standard Book Number 9788170175230
Terms of availability 450.00
020 ## - INTERNATIONAL STANDARD BOOK NUMBER
International Standard Book Number 8170175232
Terms of availability 450.00
035 ## - SYSTEM CONTROL NUMBER
System control number EN-99939
037 ## - SOURCE OF ACQUISITION
Source of stock number/acquisition DBAD/PUB
082 ## - DEWEY DECIMAL CLASSIFICATION NUMBER
Classification number 133.333
100 ## - MAIN ENTRY--PERSONAL NAME
Personal name Bhardwaj, Anand
245 ## - TITLE STATEMENT
Title Scientific approach to vastu shastra :
Statement of responsibility, etc by Anand Bhardwaj
Remainder of title talks on the royal song of sarha /
260 ## - PUBLICATION, DISTRIBUTION, ETC. (IMPRINT)
Place of publication, distribution, etc New Delhi
Name of publisher, distributor, etc Abhinav Publication
Date of publication, distribution, etc 2013
270 ## - ADDRESS
Address E-37 Hauz Khas
City New Delhi
Postal code 110016
300 ## - PHYSICAL DESCRIPTION
Extent 249p.:
Dimensions 22cm.(Hb)
Other physical details ill
500 ## - GENERAL NOTE
General note Includes bibliographical references and index
942 ## - ADDED ENTRY ELEMENTS (KOHA)
Source of classification or shelving scheme Dewey Decimal Classification
Item type English Books
Classification part 133.333
Call number suffix BHA
Holdings
Withdrawn status Lost status Not for loan Collection code Home library Current library Date acquired Source of acquisition Cost, normal purchase price Full call number Barcode Copy number Cost, replacement price Koha item type
      Non-fiction Diz Area Diz Area 03/11/2016 DBAD/PUB 450.00 133.333 BHA EN-99939 1 450.00 English Books

© Delhi Public Library
Hit Counter
free hit counter